| 000 | 01168cam a2200337 i 4500 | ||
|---|---|---|---|
| 999 |
_c64011 _d64011 |
||
| 001 | 1199149 | ||
| 003 | CO-MdFUSB | ||
| 005 | 20180622165840.0 | ||
| 008 | 981014t1999 paua g b 000 0 eng | ||
| 010 | _a 98031845 | ||
| 020 | _a0836190823 (alk. paper) | ||
| 040 |
_aDLC _cCO-MdFUSB _dCO-MdFUSB _bspa _erda |
||
| 041 | _aeng | ||
| 082 | 0 | 0 |
_224 _aG 261 _bL473j |
| 100 | 1 |
_aLederach, John Paul. _eautor |
|
| 245 | 0 | 4 |
_aThe journey toward reconciliation _c/ John Paul Lederach ; prefacio por Harold H. Saunders. |
| 264 | 1 |
_aScottdale, Pa. : _bHerald Press, _c℗1999 |
|
| 264 | 4 | _c©[1999] | |
| 300 |
_a206 páginas : _bilustraciones ; _c21 cm. |
||
| 336 |
_2rdacontent _a1 _ba1 |
||
| 337 |
_2rdamedia _a2 _b5 |
||
| 338 |
_2rdacarrier _a2 _b5 |
||
| 504 | _aBibliografía (páginas. 203- 204) | ||
| 505 | _aParte I: Historias del camino reconciliación -- Parte II: El viaje a través del conflicto -- Parte III: El llamado a la reconciliación | ||
| 600 | 1 | 0 | _aLederach, John Paul. |
| 653 | _aManejo de conflictos -- Aspectos religiosos | ||
| 653 | _aReconciliación | ||
| 942 | _cBK | ||